00687nam a2200169 a 450000100100000000500170001000800410002704000250006808200160009324501380010926000480024730000200029571000620031504900090037795201140038699900170050000002977820200930055811.0091124s1982 dr 000 0 spa d aDO-SdBNPbspacBNPHU axxxxbD611M00aDiscurso del Lic. Nestor Contín Aybar, presidente de la Suprema Corte de Justica en el día del Poder Judiciall 7 enero de 1982 /. aSanto Domingo :bEditora del Caribe,c1982. a19 p. ;c22 cm.1 aSuprema Corte de Justica (República Dominicana )930686 aBNPD 0010718PDaPDbPDcCTd2011-04-25iLF1l0oxxxx D611Mp29778-10r2020-06-25w2020-06-25yLFPDZNo se presta c29270d29270